[Event "Mittelrhein Regionalliga 1718"]
[Site "Nordrheinwestfalen"]
[Date "2018.02.25"]
[Round "7.7"]
[White "Lotzien, Hans"]
[Black "Gourevitch, Mikhail"]
[Result "1/2-1/2"]
[WhiteElo "2040"]
[BlackElo "2111"]
[PlyCount "29"]
[EventDate "2017.09.10"]
[EventType "team-tourn"]
[EventRounds "9"]
[EventCountry "GER"]
[SourceTitle "EXT 2022"]
[Source "ChessBase"]
[SourceDate "2021.10.06"]
[SourceVersion "1"]
[SourceVersionDate "2021.10.06"]
[SourceQuality "1"]
[WhiteTeam "Godesberg II"]
[BlackTeam "Aachen DJK Aufwärts III"]
[WhiteTeamCountry "GER"]
[BlackTeamCountry "GER"]

1. e4 c5 2. Bc4 e6 3. Nc3 a6 4. a4 Nc6 5. d3 Nf6 6. Nge2 Be7 7. 0-0 0-0 8. h3 b6 9. Ba2 d6 10. Ng3 Nb4 11. Bb1 Bb7 12. Nce2 Qc7 13. c3 Nc6 14. Bf4 Rad8 15. Qc2 1/2-1/2

[Event "Mittelrhein Regionalliga 16/17"]
[Site "Nordrheinwestfalen"]
[Date "2017.02.19"]
[Round "8.6"]
[White "Gourevitch, Mikhail"]
[Black "Hoerchens, Joern"]
[Result "1-0"]
[WhiteElo "2125"]
[BlackElo "1796"]
[PlyCount "57"]
[EventDate "2016.09.11"]
[EventType "team-tourn"]
[EventRounds "11"]
[EventCountry "GER"]
[SourceTitle "EXT 2022"]
[Source "ChessBase"]
[SourceDate "2021.10.06"]
[SourceVersion "1"]
[SourceVersionDate "2021.10.06"]
[SourceQuality "1"]
[WhiteTeam "Aachen DJK Aufwärts III"]
[BlackTeam "Dormagen SV"]
[WhiteTeamCountry "GER"]
[BlackTeamCountry "GER"]

1. e4 e6 2. d4 d5 3. Nd2 Nf6 4. e5 Nfd7 5. Qg4 c5 6. c3 Nc6 7. Bd3 cxd4 8. cxd4 h5 9. Qf4 Be7 10. Ne2 Nb6 11. 0-0 Bd7 12. b3 Nb4 13. Qe3 Nxd3 14. Qxd3 Rc8 15. Bb2 0-0 16. a4 a6 17. Nf4 h4 18. Nf3 Rc6 19. Bc3 Na8 20. Bd2 Nc7 21. g3 hxg3 22. hxg3 Ne8 23. Kg2 f5 24. Ng6 Kf7 25. Nxf8 Kxf8 26. Rh1 Kf7 27. Rh7 Rc8 28. Qe2 b5 29. Ng5+ 1-0

[Event "Mittelrhein Regionalliga 16/17"]
[Site "Nordrheinwestfalen"]
[Date "2016.11.27"]
[Round "4.5"]
[White "Gourevitch, Mikhail"]
[Black "Paulus, Jeffrey"]
[Result "0-1"]
[WhiteElo "2120"]
[BlackElo "1974"]
[PlyCount "72"]
[EventDate "2016.09.11"]
[EventType "team-tourn"]
[EventRounds "11"]
[EventCountry "GER"]
[SourceTitle "EXT 2022"]
[Source "ChessBase"]
[SourceDate "2021.10.06"]
[SourceVersion "1"]
[SourceVersionDate "2021.10.06"]
[SourceQuality "1"]
[WhiteTeam "Aachen DJK Aufwärts III"]
[BlackTeam "Porz SG III"]
[WhiteTeamCountry "GER"]
[BlackTeamCountry "GER"]

1. e4 c5 2. Nf3 Nc6 3. d4 cxd4 4. Nxd4 g6 5. Be3 Bg7 6. g3 Nf6 7. Bg2 d5 8. exd5 Nxd5 9. Nxc6 bxc6 10. Bd4 e5 11. Qe2 0-0 12. Be3 Qa5+ 13. Qd2 Qb5 14. c4 Qxc4 15. Na3 Qa6 16. Rc1 Be6 17. Bc5 Rfd8 18. Qe2 Qa5+ 19. Kf1 Bf5 20. Kg1 Bh6 21. Qe1 Bd2 22. b4 Nxb4 23. Nc4 Bxe1 24. Nxa5 Nd3 25. Rxe1 Nxe1 26. Nxc6 Nxg2 27. Nxd8 Be4 28. f3 Bxf3 29. Kf2 Bd5 30. Be7 Rc8 31. g4 Rc2+ 32. Kg3 f5 33. gxf5 gxf5 34. Rb1 f4+ 35. Kh3 Be4 36. Kg4 Ne3+ 0-1

[Event "Mittelrhein Regionalliga 15/16"]
[Site "Nordrheinwestfalen"]
[Date "2016.04.10"]
[Round "9.5"]
[White "Richter, Goetz"]
[Black "Gourevitch, Mikhail"]
[Result "1-0"]
[WhiteElo "1934"]
[BlackElo "2048"]
[PlyCount "85"]
[EventDate "2015.09.27"]
[EventType "team-tourn"]
[EventRounds "9"]
[EventCountry "GER"]
[SourceTitle "EXT 2022"]
[Source "ChessBase"]
[SourceDate "2021.10.06"]
[SourceVersion "1"]
[SourceVersionDate "2021.10.06"]
[SourceQuality "1"]
[WhiteTeam "Koeln SF II"]
[BlackTeam "Aachen DJK Aufwärts III"]
[WhiteTeamCountry "GER"]
[BlackTeamCountry "GER"]

1. d4 Nf6 2. c4 g6 3. Nc3 d5 4. cxd5 Nxd5 5. Bd2 Bg7 6. e4 Nb6 7. Be3 0-0 8. Nf3 Bg4 9. Be2 Nc6 10. d5 Bxf3 11. gxf3 Ne5 12. Qb3 Qd7 13. h3 Qc8 14. a4 c5 15. a5 Nbd7 16. Qa3 c4 17. Rc1 Qd8 18. 0-0 Nd3 19. Bxd3 cxd3 20. Nb5 a6 21. Nd4 Re8 22. Rfd1 e6 23. dxe6 fxe6 24. Rxd3 Qh4 25. Kg2 Ne5 26. Rdc3 Nc6 27. Rd1 Rad8 28. Rcd3 Ne5 29. Rc3 Qh5 30. Qb3 Kh8 31. Rc7 Bf8 32. f4 Nc6 33. Rd2 Nxa5 34. Qc3 Kg8 35. Nxe6 Nc6 36. Rg7+ Kh8 37. Rf7+ Ne5 38. Qxe5+ Qxe5 39. fxe5 Rxd2 40. Bxd2 Rxe6 41. Rxf8+ Kg7 42. Rd8 Re7 43. Bb4 1-0